000 00460nam a22001817a 4500
003 CEME
005 20210628203910.0
008 210305b xxu||||| |||| 00| 0 eng d
020 _a0-7897-0072-7
040 _c.
082 _a005.133 POT'U
100 _aPotts, Steve , Walnum, Clayton
_967767
245 _aUsing borland c++ 4.5
260 _aNEW YORK
_bQUE
_c1994
300 _aXXIII, 992 P
650 _aUSING BORLAND C++ 4.5
_967768
942 _cBK
_2ddc
999 _c575476
_d575476